| 000 | 00467nam a22001697a 4500 | ||
|---|---|---|---|
| 008 | 150930b xxu||||| |||| 00| 0 eng d | ||
| 020 | _a0471612936 | ||
| 041 | 0 | _aeng | |
| 080 | _a004 | ||
| 100 | 1 | _aBurch, John G. | |
| 245 | 1 | 0 |
_aInformation systems : _cJohn Burch, Gary Grudnitski. |
| 250 | _a5th ed. | ||
| 260 |
_aNew York : _bWiley, _c1989. |
||
| 300 |
_axvi, 921 f. ; _bme il.; _c24 cm. |
||
| 700 | 1 | _aGrudnitski, Gary. | |
| 942 |
_2udc _cBK |
||
| 999 |
_c1201 _d1201 |
||